मेरे शहर की आवाज़: कुलदीप बग्गा की समग्र कहानियॉं (Record no. 1235962)
[ view plain ]
| 000 -LEADER | |
|---|---|
| fixed length control field | 00820nam a2200205Ia 4500 |
| 005 - DATE AND TIME OF LATEST TRANSACTION | |
| control field | 20250108125201.0 |
| 008 - FIXED-LENGTH DATA ELEMENTS--GENERAL INFORMATION | |
| fixed length control field | 008 250107s9999 xx 000 0 hin d |
| 037 ## - SOURCE OF ACQUISITION | |
| Stock number | TB |
| 040 ## - CATALOGING SOURCE | |
| Original cataloging agency | CRL |
| Language of cataloging | hin |
| Transcribing agency | CRL |
| 041 ## - LANGUAGE CODE | |
| Language code of text/sound track or separate title | hin |
| Source of code | hin |
| 084 ## - COLON CLASSIFICATION NUMBER | |
| Classification number | LD 168R2 |
| 084 ## - COLON CLASSIFICATION NUMBER | |
| Assigning agency | CRL |
| 100 ## - MAIN ENTRY--PERSONAL NAME | |
| Personal name | बग्गा, कुलदीप, ले. |
| 245 #0 - TITLE STATEMENT | |
| Title | मेरे शहर की आवाज़: कुलदीप बग्गा की समग्र कहानियॉं |
| Statement of responsibility, etc. | बग्गा, कुलदीप, ले. |
| 260 ## - PUBLICATION, DISTRIBUTION, ETC. | |
| Place of publication, distribution, etc. | दिल्ली, भारत |
| Name of publisher, distributor, etc. | शांति पुस्तक मंदिर |
| Date of publication, distribution, etc. | 3574 |
| 300 ## - PHYSICAL DESCRIPTION | |
| Extent | 344पृ0 |
| 650 ## - SUBJECT ADDED ENTRY--TOPICAL TERM | |
| Topical term or geographic name entry element | हिन्दी कहानीहिन्दी साहित्य |
| 9 (RLIN) | 729733 |
| 942 ## - ADDED ENTRY ELEMENTS (KOHA) | |
| Koha item type | Textbook |
| Classification part | LD 168R2 |
| Withdrawn status | Lost status | Damaged status | Not for loan | Home library | Current library | Date acquired | Source of acquisition | Total Checkouts | Full call number | Barcode | Date last seen | Price effective from | Koha item type |
|---|---|---|---|---|---|---|---|---|---|---|---|---|---|
| Central Library | Central Library | 2025-01-08 | Gift, 18/11/2024, | O152,3N33x Q5 | CL1699586 | 2025-01-08 | 2025-01-08 | Textbook |
